Child psychology and development (Record no. 37265)

MARC details
000 -LEADER
fixed length control field 00512nam a2200145 a 4500
008 - FIXED-LENGTH DATA ELEMENTS--GENERAL INFORMATION
fixed length control field 120416s1955 ||||||||||||||||| || u
050 ## - LIBRARY OF CONGRESS CALL NUMBER
Classification number BF 721 Tho
100 ## - MAIN ENTRY--PERSONAL NAME
Personal name Thorpe, Louis Peter
245 10 - TITLE STATEMENT
Title Child psychology and development
250 ## - EDITION STATEMENT
Edition statement 2nd ed.
260 ## - PUBLICATION, DISTRIBUTION, ETC.
Place of publication, distribution, etc. New York
Name of publisher, distributor, etc. The Ronald Press
Date of publication, distribution, etc. 1955
300 ## - PHYSICAL DESCRIPTION
Extent v, 709p. : ill.
350 ## - PRICE (NR) (BK AM CF MU VM SE) [OBSOLETE]
Price 0.00
995 ## - RECOMMENDATION 995 [LOCAL, UNIMARC FRANCE]
-- 0.00
-- CBU-MAIN LIBRARY (Kitwe)
-- 1
-- 6.00
-- 1
-- DAMAGED
-- May 16, 2006
-- Main Library Open Access Collection
Holdings
Withdrawn status Lost status Source of classification or shelving scheme Damaged status Not for loan Home library Current library Shelving location Date acquired Total Checkouts Full call number Barcode Date last seen Price effective from Koha item type
          CBU-MAIN LIBRARY, KITWE. CBU-MAIN LIBRARY, KITWE.   11/30/2022   BF 721 Tho 000628 11/30/2022 11/30/2022 MONOGRAPH